| 000 | 02295cam a22004215i 4500 | ||
|---|---|---|---|
| 999 |
_c12516 _d12516 |
||
| 001 | 12516 | ||
| 003 | BD-JhCC | ||
| 005 | 20220612124125.0 | ||
| 008 | 220611s2017 gw |||| o |||| 0|eng | ||
| 020 | _a9783319577470 | ||
| 035 | _aBD-JhCC (12516) | ||
| 040 |
_aDLC _epn _erda _cDLC _dBD-JhCC |
||
| 041 | _aeng | ||
| 072 | 7 |
_aJPS _2bicssc |
|
| 072 | 7 |
_aJPS _2thema |
|
| 072 | 7 |
_aPOL011000 _2bisacsh |
|
| 082 | 0 | 4 |
_a327.1 _223 _bALI 20017 |
| 100 | 1 | _aAli, S. Mahmud, | |
| 245 | 1 | 0 |
_aUS-Chinese Strategic Triangles : _bExamining Indo-Pacific Insecurity / _cby S. Mahmud Ali. |
| 250 | _a1st ed. 2017. | ||
| 260 |
_aSwitzerland, _bSpringer, _c2017. |
||
| 300 |
_a1 online resource (XIX, 263 pages) _c21 cm. |
||
| 490 | 1 |
_aGlobal Power Shift, _x2198-7343 |
|
| 505 | 0 | _a1. Theory and Reality of Indo-Pacific Insecurity -- 2. Insular and Peninsular Security Conundrums -- 3. China-Japan-US Hyper-Triumvirate -- 4. US-China-Russia Triadic Tensions -- 5. US-China-India Cyclical Powerplay -- 6. US-China-ASEAN Insecurity Histrionics -- 7. Contours of the Emergent Indo-Pacific Insecurity Architecture. | |
| 520 | _aThis book reveals the nature of Sino-US strategic competition by examining the influence exerted by major secondary stakeholders, e.g. Japan, Russia, India, the Koreas, and ASEAN, on the two powers, USA and its rival China, who consider each other as a source of greatest challenges to their respective interests. By adopting "strategic triangles" as the analytical framework and assessing triangular relational dynamics, such as US-China-Japan or US-China-Russia, the author illustrates how secondary stakeholders advance their own interests by exploiting their respective linkages to the two rivals, thereby, shaping Sino-US completive dynamics. This work adds a regional and multivariable perspective to the understanding of the Indo-Pacific's insecurity challenges. | ||
| 650 | 0 | _aDiplomacy. | |
| 650 | 0 | _aInternational relations. | |
| 650 | 0 | _aPeace. | |
| 650 | 0 | _aSecurity, International. | |
| 650 | 1 | 4 | _aForeign Policy. |
| 650 | 2 | 4 | _aAsian Politics. |
| 650 | 2 | 4 | _aConflict Studies. |
| 650 | 2 | 4 | _aDiplomacy. |
| 650 | 2 | 4 | _aInternational Security Studies. |
| 651 | 0 |
_aAsia _xPolitics and government. |
|
| 830 | 0 | _aGlobal Power Shift, | |
| 942 |
_2ddc _cBK |
||